Food and Drink By Socks Quiz Stats

 Plays Quiz Updated May 3, 2018

Support Sporcle.
Go Orange.
Score 0/20 Timer 03:00
0 Plays Today
% Correct
Pizza
95.1%
Hot Dog
94.6%
Milk
94.6%
Bacon and Eggs
94.2%
Donut
94.1%
Taco
93.6%
Crab
93.4%
Popcorn
93.1%
Chicken and Waffles
93%
Beer
92.8%
% Correct
T-Bone Steak
91.6%
Salad
91.1%
Cheeseburger
90.4%
Sushi\Sashimi
89.6%
Grilled Cheese and
Tomato Soup
89.5%
Spaghetti
87.4%
Pancakes
86.4%
Mimosa
86.1%
Fountain Drink
82.4%
Pie
81.3%

From the Vault

Lead Singer Match: Classic Rock

by amwoods13

Music 4m
Bass players always get all the credit, so here is a quiz about lead singers instead.
Remove Ads.
Support Sporcle.
Get the best of Sporcle when you Go Orange. This ad-free experience offers more features, more stats, and more fun while also helping to support Sporcle. Thank you for becoming a member.

Show Comments

Extras

Top Quizzes Today


Score Distribution

Your Account Isn't Verified!

In order to create a playlist on Sporcle, you need to verify the email address you used during registration. Go to your Sporcle Settings to finish the process.

Report this User

Report this user for behavior that violates our Community Guidelines.

Details: